Ciencia y tenología en América Latina en el siglo XXI

Durante las últimas décadas, el papel que han jugado las nuevas tecnologías en el desarrollo de América Latina, ha tomado más fuerza, sobre todo ante la falacia de los requisitos tradicionales aplicados en la región para mantener por lo menos las metas, de crecimiento económico. Así mismo, se plante...

Olles dieđut

Furkejuvvon:
Bibliográfalaš dieđut
Searvvušdahkki: Consejo Nacional de Investigaciones Científicas y Tecnológicas
Materiálatiipa: Dovdameahttun
Almmustuhtton: San José: El Consejo
Fáttát:
Fáddágilkorat: Lasit fáddágilkoriid
Eai fáddágilkorat, Lasit vuosttaš fáddágilkora!

MARC

LEADER 00000 a2200000 04500
001 12508
003
008 991231s d
040
090 |a 023503  
110 |a Consejo Nacional de Investigaciones Científicas y Tecnológicas  
245 |a Ciencia y tenología en América Latina en el siglo XXI  
260 |a San José:   |b El Consejo  
300 |a p. varia  
520 |a Durante las últimas décadas, el papel que han jugado las nuevas tecnologías en el desarrollo de América Latina, ha tomado más fuerza, sobre todo ante la falacia de los requisitos tradicionales aplicados en la región para mantener por lo menos las metas, de crecimiento económico. Así mismo, se plantean las acciones en el área de las nuevas tecnologías que deberían recibir mayor atención por parte de los gobiernos de los países de América Latina. HB/EL  
650 |a MODELOS DE CRECIMIENTO  
650 |a TECNOLOGIA  
650 |a PLANIFICACION  
650 |a DESARROLLO ECONOMICO Y SOCIAL  
650 |a PROYECCIONES ECONOMICAS  
650 |a ASPECTOS ECONOMICOS  
650 |a SOCIEDAD  
650 |a NECESIDADES BASICAS  
999 |c 10374  |d 10374